| 000 | 00480nam a2200145 a 4500 | ||
|---|---|---|---|
| 008 | 120416s1970 ||||||||||||||||| || u | ||
| 050 | _aQD 261 Bal | ||
| 100 | _aBaldwin, John | ||
| 245 | 1 | 0 | _aExperimental organic chemistry |
| 250 | _a2nd ed. | ||
| 260 |
_aNew York _bMcGraw-Hill _c1970 |
||
| 300 | _a197p. : ill. | ||
| 350 | _a0.00 | ||
| 995 |
_D0.00 _FCBU-MAIN LIBRARY (Kitwe) _H1 _I14.95 _UDAMAGED _ZMain Library Open Access Collection |
||
| 999 |
_c42893 _d42893 |
||